000 00427nam a22001817a 4500
005 20260310132512.0
008 260310b |||||||| |||| 00| 0 eng d
020 _a9788131248850
050 _aQP514.2
_b.S38
100 _aSatyanarayana, U.
245 _aBiochemistry
250 _a5th
260 _aIndia
_bElsevier
_c2018
300 _aVi,777p.
_bIll.
650 _aBiochemistry
700 _aChakvapani U.
942 _cBK
999 _c4612
_d4612